• 首页
  • 本馆介绍
  • 公告通知
  • 最新文献
  • 馆藏检索
  • 电子资源
  • 读者导购
  • 参考咨询
  • 我的图书馆
  • 登录
  • 详细信息显示
  • 放入我的书架
  • 预约/预借图书
  • 作者相关作品
  • 分类相关作品
  • 丛书相关作品
  • 出版社相关作品

书目信息

  • 表格格式
  • 工作单格式
  • 卡片格式
题名:
中小学教师如何用好信息技术
    
 
作者: 张宝 编著
分册:  
出版信息: 北京   北京师范大学出版社  2012
页数: 310页
开本: 24cm
丛书名: 中小学名师指导系列丛书
单 册:
中图分类: G633.672
科图分类:
主题词: 计算机课--ji suan ji ke--教学研究--中小学
电子资源:
ISBN: 978-7-303-14043-5
000 00965nam 2200265 450
001 012001002396
005 20131028152743.0
010    @a978-7-303-14043-5@dCNY35.00
099    @aCAL 012012206554
100    @a20120530d2012 em y0chiy50 ea
101 0  @achi
102    @aCN@b110000
105    @aa z 000yy
106    @ar
200 1  @a中小学教师如何用好信息技术@Azhong xiao xue jiao shi ru he yong hao xin xi ji shu@f张宝编著
210    @a北京@c北京师范大学出版社@d2012
215    @a310页@c图@d24cm
225 2  @a中小学名师指导系列丛书@Azhong xiao xue ming shi zhi dao xi lie cong shu
330    @a本书主要内容包括: PowerPoint 2003课件制作、FrontPage 2003课件制作、网络资源的获取、多媒体素材的处理、通用学科软件等。
410  0 @12001@a中小学名师指导系列丛书
606 0  @a计算机课@Aji suan ji ke@x教学研究@x中小学
690    @aG633.672@v5
701  0 @a张宝@Azhang bao@4编著
801  2 @aCN@b江苏凤凰@c20191020
905    @b1228865-8@dG633.672@e758@f4
    
    中小学教师如何用好信息技术/张宝编著.-北京:北京师范大学出版社,2012
    310页:图;24cm.-(中小学名师指导系列丛书)
    
    
    ISBN 978-7-303-14043-5:CNY35.00
    本书主要内容包括: PowerPoint 2003课件制作、FrontPage 2003课件制作、网络资源的获取、多媒体素材的处理、通用学科软件等。
●
相关链接 在E读中查询图书 在五车中查询图书 在当当中查询图书 在豆瓣中查询图书


正题名:中小学教师如何用好信息技术     索取号:G633.672/758         预约/预借

序号 登录号 条形码 馆藏地/架位号 状态 备注
1 1228865   212288656   第一样本阅览室/ [索取号:G633.672/758] 在馆    
2 1228866   212288665   教育系资料室/ [索取号:G633.672/758] 在馆    
3 1228867   212288674   教育系资料室/ [索取号:G633.672/758] 在馆    
4 1228868   212288683   第四借阅区/ [索取号:G633.672/758] 在馆    
唐山师范学院图书馆 欢迎您!
大连网信软件有限公司© 版权所有